General psychology : (Record no. 99164)

MARC details
000 -LEADER
fixed length control field 01059nam a22002777i 4500
003 - CONTROL NUMBER IDENTIFIER
control field URS
005 - DATE AND TIME OF LATEST TRANSACTION
control field 20260323090653.0
008 - FIXED-LENGTH DATA ELEMENTS--GENERAL INFORMATION
fixed length control field 180906b xxu||||| |||| 00| 0 eng d
020 ## - INTERNATIONAL STANDARD BOOK NUMBER
International Standard Book Number 9789717251274
050 10 - LIBRARY OF CONGRESS CALL NUMBER
Classification number BF 121
Item number G259 2005
245 00 - TITLE STATEMENT
Title General psychology :
Remainder of title human behavior in perspective /
Statement of responsibility, etc. Leslie B. Gazzingan ... [and others]
264 #1 - PRODUCTION, PUBLICATION, DISTRIBUTION, MANUFACTURE, AND COPYRIGHT NOTICE
Place of production, publication, distribution, manufacture Makati City :
Name of producer, publisher, distributor, manufacturer Grandwater Publications and Research Corporation,
Date of production, publication, distribution, manufacture, or copyright notice [date of publication not identified]
264 #4 - PRODUCTION, PUBLICATION, DISTRIBUTION, MANUFACTURE, AND COPYRIGHT NOTICE
Date of production, publication, distribution, manufacture, or copyright notice ©2005
300 ## - PHYSICAL DESCRIPTION
Extent 155 pages ;
Dimensions 25 cm
336 ## - CONTENT TYPE
Source rdacontent
Content type term text
337 ## - MEDIA TYPE
Source rdamedia
Media type term unmediated
338 ## - CARRIER TYPE
Source rdacarrier
Carrier type term volume
504 ## - BIBLIOGRAPHY, ETC. NOTE
Bibliography, etc. note Includes bibliographical references
524 ## - PREFERRED CITATION OF DESCRIBED MATERIALS NOTE
Preferred citation of described materials note Gazzingan and others (2005). General psychology : human behavior in perspective. Makati City: Grandwater Publications and Research Corporation.
650 #0 - SUBJECT ADDED ENTRY--TOPICAL TERM
Topical term or geographic name entry element Psychology.
Form subdivision Textbooks.
700 1# - ADDED ENTRY--PERSONAL NAME
Personal name Gazzingan, Leslie B.
Relator term author
700 1# - ADDED ENTRY--PERSONAL NAME
Personal name Aglubat, Linofe R.
Relator term author
700 1# - ADDED ENTRY--PERSONAL NAME
Personal name Guerrero, Manuel R.
Relator term author
700 1# - ADDED ENTRY--PERSONAL NAME
Personal name Tomas, Rodrigo D. P.
Relator term author
942 ## - ADDED ENTRY ELEMENTS (KOHA)
Koha item type Filipiniana
Source of classification or shelving scheme Library of Congress Classification
Holdings
Withdrawn status Source of classification or shelving scheme Damaged status Not for loan Home library Current library Date acquired Total Checkouts Full call number Barcode Date last seen Copy number Price effective from Koha item type
  Library of Congress Classification     Binangonan College Library Binangonan College Library 03/17/2026   BF 121 G259 2005 URSBIN-F3064 03/17/2026 1 03/17/2026 Filipiniana

University of Rizal System
Email us at univlibservices@urs.edu.ph

Visit our Website www.urs.edu.ph/library